000 00889nam a22002657a 4500
001 4122
003 FISKH
005 20240607135917.0
008 240607b cb ||||| |||| 00| 0 eng d
020 _a9780439793919
040 _aFISKH
_beng
_cFISKH
_dFISKH
050 _aPZ7.M47397
082 _a813
100 _aMazer Harry
_d1925-2016
245 _aHeroes don't run /
_bA novel of the pacific war
_cby Harry Mazer
260 _aNew York :
_bScholastic,
_c2005
300 _a113 pages :
_c20 cm
505 _aM
520 _aTo honor his father who died during the Japanese invasion of Pearl Harbor, seventeen-year-old Adam eagerly enlists in the Marines in 1944, survives boot camp, and faces combat on the tiny island of Okinawa.
521 8 _a650
_bLexile
521 8 _aM
_bRaz-Plus
700 _aHarry Mazer
942 _2ddc
_cBK
_n0
999 _c4122
_d4122